[Event "30th Andorra Open"]
[Site "Erts-La Massana AND"]
[Date "2012.07.28"]
[Round "8.12"]
[White "Zoler, Dan"]
[Black "Fuchs, Judith"]
[Result "1-0"]
[WhiteTitle "GM"]
[BlackTitle "WIM"]
[WhiteElo "2527"]
[BlackElo "2268"]
[WhiteFideId "2800705"]
[BlackFideId "24605611"]
[EventDate "2012.07.21"]

1. d4 Nf6 2. c4 e6 3. Nf3 b6 4. g3 Ba6 5. Nbd2 Bb4 6. Qc2 Bb7 7. Bg2 Be4 8. Qd1
O-O 9. O-O Bxd2 10. Qxd2 d5 11. b3 Nbd7 12. Ba3 Re8 13. Rac1 Rc8 14. Rfd1 c6 15.
Qf4 dxc4 16. bxc4 b5 17. Qd6 bxc4 18. Ne5 Bxg2 19. Kxg2 Nb6 20. Nxc4 Nxc4 21.
Rxc4 Qa5 22. Qc5 Qa6 23. Rdc1 h6 24. Qb4 e5 25. Qa4 Qb7 26. dxe5 Rxe5 27. e4
Rce8 28. f3 Rd8 29. R1c2 Qb6 30. Bc5 Qb1 31. Bf2 h5 32. Rb4 Qd1 33. Rxc6 Qe2 34.
Rc2 Qd3 35. Qb3 Qxb3 36. axb3 Re7 37. Ra2 Ra8 38. Ra6 Ne8 39. Rba4 Rb7 40. Rxa7 1-0

[Event "30th Andorra Open"]
[Site "Erts-La Massana AND"]
[Date "2012.07.28"]
[Round "8.13"]
[White "Simonet, Marc"]
[Black "Comas Fabrego, Lluis"]
[Result "1/2-1/2"]
[WhiteTitle "FM"]
[BlackTitle "GM"]
[WhiteElo "2291"]
[BlackElo "2514"]
[WhiteFideId "6900127"]
[BlackFideId "2200325"]
[EventDate "2012.07.21"]

1. d4 e6 2. c4 b6 3. Nf3 Bb7 4. Nc3 Bb4 5. Bg5 f6 6. Bd2 f5 7. Qa4 Bxc3 8. Bxc3
Nf6 9. g3 O-O 10. Bg2 Ne4 11. Rc1 d6 12. O-O Nd7 13. Rfd1 Qe7 14. Be1 c5 15.
dxc5 bxc5 16. Ba5 Ndf6 17. Rd3 f4 18. Rf1 fxg3 19. hxg3 Rab8 20. Qd1 Ba8 21. b3
Ng4 22. Be1 Rbd8 23. Nd2 Nxd2 24. Bxd2 Ne5 25. Ba5 Rd7 26. Bxa8 Rxa8 27. Rd2 Nc6
28. Bc3 Rad8 29. e4 e5 30. Qg4 Rf8 31. f4 Nd4 32. f5 Qf6 1/2-1/2

[Event "30th Andorra Open"]
[Site "Erts-La Massana AND"]
[Date "2012.07.28"]
[Round "8.14"]
[White "Norwood, David R"]
[Black "Torres, Juan Camilo"]
[Result "1/2-1/2"]
[WhiteTitle "GM"]
[WhiteElo "2494"]
[BlackElo "2306"]
[WhiteFideId "400106"]
[BlackFideId "4405790"]
[EventDate "2012.07.21"]

1. g3 Nf6 2. Bg2 d5 3. c4 c5 4. cxd5 Nxd5 5. Nc3 Nc7 6. Nf3 Nc6 7. O-O e5 8. a3
Bd7 9. Rb1 f6 10. d3 Be7 11. Be3 b6 12. Nd2 Rc8 13. f4 exf4 14. gxf4 O-O 15. f5
Nd4 16. Bxd4 cxd4 17. Nce4 Kh8 18. Qb3 Bc6 19. Rbc1 Qd7 20. Nf3 Bd5 21. Qd1 Qxf5
22. Nxd4 Qe5 23. Nf5 Bxe4 24. Bxe4 Bc5+ 25. Kh1 Ne6 26. e3 Ng5 27. Bb7 Bd6 28.
Nxd6 Rxc1 29. Qxc1 Qxd6 30. d4 Re8 31. Bg2 Qe6 32. d5 Qd7 33. Qc6 Qd8 34. d6 Re6
35. Rc1 Nf7 36. Qb7 Nxd6 37. Qxa7 Re7 38. Qa4 Nf7 39. Qa6 Rc7 40. Rxc7 Qxc7 41.
Qa8+ Nd8 42. Bd5 g6 43. Kg2 Kg7 44. a4 Kh6 45. b4 Kg5 46. a5 Kh5 47. Bb3 Nc6 48.
Qf8 Kg5 49. h4+ Kg4 50. Bd1+ Kf5 51. Bc2+ Kg4 52. Qxf6 Qg3+ 53. Kf1 Qf3+ 54.
Qxf3+ Kxf3 55. e4 bxa5 56. b5 Nd8 57. b6 Kf4 58. Ke2 a4 59. Bxa4 Kxe4 60. Bc2+
Kd5 61. Ke3 Kc6 62. Kf4 Nf7 63. Bb3 g5+ 1/2-1/2

[Event "30th Andorra Open"]
[Site "Erts-La Massana AND"]
[Date "2012.07.28"]
[Round "8.15"]
[White "Ibanez Aullana, Ramon"]
[Black "Panelo, Marcelo"]
[Result "0-1"]
[BlackTitle "IM"]
[WhiteElo "2288"]
[BlackElo "2452"]
[WhiteFideId "2207532"]
[BlackFideId "104213"]
[EventDate "2012.07.21"]

1. d4 Nf6 2. c4 e6 3. Nf3 c5 4. Nc3 cxd4 5. Nxd4 Bb4 6. g3 Ne4 7. Qd3 Qa5 8.
Qxe4 Bxc3+ 9. Kd1 d5 10. Qd3 Bb4 11. a3 Bd7 12. Nb3 Ba4 13. Qc2 Qd8 14. axb4
Bxb3 0-1

[Event "30th Andorra Open"]
[Site "Erts-La Massana AND"]
[Date "2012.07.28"]
[Round "8.16"]
[White "Alexandrova, Olga"]
[Black "Van Hasselt, Frank"]
[Result "1/2-1/2"]
[WhiteTitle "IM"]
[WhiteElo "2417"]
[BlackElo "2230"]
[WhiteFideId "14102463"]
[BlackFideId "6000118"]
[EventDate "2012.07.21"]

1. d4 g6 2. c4 Bg7 3. Nc3 d6 4. Nf3 Bg4 5. h3 Bxf3 6. exf3 e6 7. d5 Nd7 8. Be2
Ne7 9. O-O O-O 10. Re1 Nc5 11. Ne4 e5 12. b4 Nxe4 13. fxe4 f5 14. Bb2 fxe4 15.
Bg4 Nf5 16. Rxe4 a5 17. a3 axb4 18. axb4 Rxa1 19. Qxa1 Qa8 20. Re1 Qxa1 21. Rxa1
h5 22. Bd1 Nd4 23. Ra7 Rb8 24. Kf1 c6 25. Bxd4 exd4 26. Bc2 cxd5 27. cxd5 Kh7
28. g3 h4 29. g4 Be5 30. Ke2 Kh6 31. Bd3 Kg5 32. Ra2 Kf6 33. Rc2 Rf8 34. Rc7 Rf7
35. Rc8 Bf4 36. Be4 g5 37. Kd3 Be5 38. Bf5 Kg7 39. Ke4 Rf8 40. Rc7+ Rf7 41.
Rxf7+ Kxf7 42. Kd3 Ke7 43. Bc8 b6 44. Ke4 Kf6 45. Bf5 Ke7 46. Bh7 Kf6 47. Kd3
Bf4 48. Kxd4 Bd2 49. b5 Bf4 50. Ke4 1/2-1/2

[Event "30th Andorra Open"]
[Site "Erts-La Massana AND"]
[Date "2012.07.28"]
[Round "8.18"]
[White "Ballester Llagaria, Luis Eduardo"]
[Black "Fernandez Reyes, Lisandro"]
[Result "0-1"]
[BlackTitle "FM"]
[WhiteElo "2210"]
[BlackElo "2367"]
[WhiteFideId "2297620"]
[BlackFideId "3504190"]
[EventDate "2012.07.21"]

1. e4 Nf6 2. e5 Nd5 3. d4 d6 4. c4 Nb6 5. exd6 cxd6 6. Nc3 g6 7. Be3 Bg7 8. Rc1
O-O 9. b3 Bf5 10. Nf3 d5 11. c5 Nc8 12. Be2 Nc6 13. O-O Bg4 14. h3 Bxf3 15. Bxf3
e6 16. b4 a6 17. a3 N8e7 18. b5 axb5 19. Nxb5 Nf5 20. Qd3 Qh4 21. Rfd1 Ra4 22.
Qb3 Ncxd4 23. Nxd4 Nxd4 24. Bxd4 Rxd4 25. Rxd4 Bxd4 26. Rc2 Rc8 27. Qxb7 Rxc5
28. Qb1 Rc4 29. Qa2 Ba7 30. Rxc4 dxc4 31. a4 c3 32. Qc2 Qxf2+ 0-1

[Event "30th Andorra Open"]
[Site "Erts-La Massana AND"]
[Date "2012.07.28"]
[Round "8.19"]
[White "Berkovich, Mark A"]
[Black "Morros Faura, Ricard"]
[Result "1-0"]
[WhiteTitle "IM"]
[WhiteElo "2366"]
[BlackElo "2171"]
[WhiteFideId "2801639"]
[BlackFideId "2294311"]
[EventDate "2012.07.21"]

1. Nf3 Nf6 2. d4 g6 3. Bg5 Bg7 4. Nbd2 d6 5. e4 O-O 6. c3 h6 7. Bh4 Nbd7 8. Bd3
e5 9. O-O Qe8 10. Re1 Nh5 11. a4 Nf4 12. Bf1 Nf6 13. Qb3 Nh7 14. Qc4 g5 15. Bg3
Qe7 16. dxe5 dxe5 17. Qb4 c5 18. Qa3 Ng6 19. Nc4 g4 20. Nfd2 h5 21. f3 Bh6 22.
fxg4 Bxg4 23. Ne3 Bxe3+ 24. Rxe3 Rad8 25. Nc4 h4 26. Bf2 b6 27. Qb3 Kh8 28. a5
Rb8 29. axb6 axb6 30. Ra6 b5 31. Nd6 Be6 32. Qc2 c4 33. Nf5 Qg5 34. Rf3 Rg8 35.
Be3 Nf4 36. Bxf4 exf4 37. Qf2 Bxf5 38. exf5 Nf6 39. Rxf4 Ng4 40. Qd4+ Rg7 41. h3 1-0

[Event "30th Andorra Open"]
[Site "Erts-La Massana AND"]
[Date "2012.07.28"]
[Round "8.20"]
[White "Wegerle, Joerg"]
[Black "Fernandez Lopez, Joan"]
[Result "1/2-1/2"]
[WhiteTitle "IM"]
[WhiteElo "2421"]
[BlackElo "2090"]
[WhiteFideId "4644743"]
[BlackFideId "6900348"]
[EventDate "2012.07.21"]

1. c4 e5 2. g3 f5 3. d4 e4 4. Nh3 Nf6 5. Nc3 Be7 6. Bg5 Na6 7. e3 O-O 8. Nf4 c6
9. h4 Nc7 10. c5 Ne6 11. Bc4 Kh8 12. Bxe6 dxe6 13. Qb3 Nd5 14. Ncxd5 exd5 15.
Bxe7 Qxe7 16. Kf1 Be6 17. h5 Qd7 18. h6 g5 19. Nxe6 Qxe6 20. Qxb7 Qf6 21. Rh5
Rg8 22. Qc7 Rae8 23. Ke2 Re7 24. Qa5 f4 25. gxf4 gxf4 26. Qc3 Rg2 27. Rf1 Rf7
28. Ke1 Qg6 29. Rh3 fxe3 30. Qxe3 Qf6 31. Rh5 Qg6 32. Qh3 Rf8 33. Re5 e3 34.
Qxe3 Qb1+ 35. Ke2 Qxb2+ 36. Ke1 Qb1+ 37. Ke2 Qxa2+ 38. Ke1 Qb1+ 39. Ke2 Qc2+ 1/2-1/2

[Event "30th Andorra Open"]
[Site "Erts-La Massana AND"]
[Date "2012.07.29"]
[Round "9.1"]
[White "Georgiev, Kiril"]
[Black "Hammer, Jon Ludvig"]
[Result "1/2-1/2"]
[WhiteTitle "GM"]
[BlackTitle "GM"]
[WhiteElo "2680"]
[BlackElo "2638"]
[WhiteFideId "2900017"]
[BlackFideId "1503707"]
[EventDate "2012.07.21"]

1. d4 Nf6 2. Nf3 d5 3. c4 e6 4. g3 dxc4 5. Bg2 c6 6. Ne5 c5 7. Na3 cxd4 8. Naxc4
Bc5 9. Qb3 Nd5 10. Qb5+ Nd7 11. Nxd7 Bb4+ 12. Bd2 Qxd7 13. Qxd7+ Bxd7 14. Bxb4
Nxb4 15. Bxb7 Rb8 16. Kd2 Nc6 17. Rhc1 Ke7 18. Bxc6 Bxc6 19. b3 Rbc8 20. Ne5 Bd5
21. f4 f6 22. Nf3 Bxf3 23. exf3 Kd6 24. Kd3 e5 25. fxe5+ fxe5 26. f4 Rhf8 27.
fxe5+ Kxe5 28. Rxc8 Rxc8 29. Re1+ Kd5 30. Re7 Rc3+ 31. Kd2 a5 32. Rxg7 a4 33.
Rb7 h5 34. Rb5+ Ke4 35. Rxh5 axb3 36. axb3 Rxb3 37. Rh4+ Kf3 38. Rf4+ Kg2 39.
Rh4 Kf3 40. Rh8 Ke4 41. Re8+ Kf3 42. Rf8+ Kg2 43. Rh8 Kf3 44. Rh4 Ra3 45. Rh7
Rb3 46. Rh6 Ra3 1/2-1/2

[Event "30th Andorra Open"]
[Site "Erts-La Massana AND"]
[Date "2012.07.29"]
[Round "9.5"]
[White "Szabo, Krisztian1"]
[Black "Kogan, Artur"]
[Result "1/2-1/2"]
[WhiteTitle "GM"]
[BlackTitle "GM"]
[WhiteElo "2548"]
[BlackElo "2587"]
[WhiteFideId "722901"]
[BlackFideId "2800802"]
[EventDate "2012.07.21"]

1. e4 e5 2. Nf3 Nc6 3. Bb5 Nf6 4. O-O Nxe4 5. Re1 Nd6 6. Nxe5 Be7 7. Bf1 Nxe5 8.
Rxe5 O-O 9. d4 Bf6 10. Re1 Nf5 11. c3 d5 12. Bf4 c6 1/2-1/2

[Event "30th Andorra Open"]
[Site "Erts-La Massana AND"]
[Date "2012.07.29"]
[Round "9.11"]
[White "Panelo, Marcelo"]
[Black "Narciso Dublan, Marc"]
[Result "0-1"]
[WhiteTitle "IM"]
[BlackTitle "GM"]
[WhiteElo "2452"]
[BlackElo "2539"]
[WhiteFideId "104213"]
[BlackFideId "2201500"]
[EventDate "2012.07.21"]

1. Nf3 d6 2. d4 Bg4 3. c4 Bxf3 4. exf3 g6 5. Nc3 Bg7 6. Be3 e6 7. Qb3 b6 8. h4
h5 9. O-O-O Ne7 10. g4 Nd7 11. Kb1 c6 12. d5 cxd5 13. cxd5 e5 14. Bb5 Kf8 15.
Bc6 Rc8 16. Nb5 Nc5 17. Qa3 a5 18. Na7 Rb8 19. Bb5 Ra8 20. Nc6 Qc8 21. Bxc5 bxc5
22. Qa4 hxg4 23. fxg4 Bf6 24. g5 Bg7 25. Bd3 Qd7 26. Be4 Nf5 27. Qb3 Rxh4 28.
Rxh4 Nxh4 29. Qg3 Nf5 30. Qh3 a4 31. Rd3 Qc8 32. a3 Nd4 33. Qxc8+ Rxc8 34. Na5
Ke7 35. Rh3 Rh8 36. Rxh8 Bxh8 37. Nc4 Bg7 38. Nd2 Bf8 39. Bc2 Kd8 40. Bxa4 Be7
41. Ne4 Nf3 42. Bc6 Nxg5 43. Nxg5 Bxg5 44. f3 Bd2 45. Kc2 Ba5 46. Kb3 f5 47. Bb5
Ke7 48. Ka4 Bd2 49. Be2 Kf6 50. Kb5 e4 51. fxe4 fxe4 52. Kc4 Ke5 53. Bd1 g5 54.
b3 Kf4 55. b4 cxb4 56. axb4 g4 0-1

[Event "30th Andorra Open"]
[Site "Erts-La Massana AND"]
[Date "2012.07.29"]
[Round "9.12"]
[White "Fernandez Reyes, Lisandro"]
[Black "Zoler, Dan"]
[Result "1-0"]
[WhiteTitle "FM"]
[BlackTitle "GM"]
[WhiteElo "2367"]
[BlackElo "2527"]
[WhiteFideId "3504190"]
[BlackFideId "2800705"]
[EventDate "2012.07.21"]

1. e4 c5 2. d3 d6 3. f4 g6 4. Nf3 Bg7 5. g3 Nc6 6. Bg2 e6 7. O-O Nge7 8. c3 O-O
9. a4 b6 10. Re1 Bb7 11. Nbd2 Qd7 12. Nf1 Rae8 13. g4 f5 14. gxf5 exf5 15. Ng3
d5 16. e5 Nd8 17. d4 Ne6 18. h4 Rc8 19. Be3 Rfd8 20. h5 Bh6 21. hxg6 hxg6 22.
Bf1 Kf7 23. Bd3 Rh8 24. Qd2 Rcg8 25. Kf2 Ke8 26. Rh1 Bf8 27. a5 Rxh1 28. Rxh1
bxa5 29. Ra1 c4 30. Bc2 Qc7 31. Nh4 Qb6 32. Rh1 Kd8 33. Nf3 Bc6 34. Qc1 Bg7 35.
Qa1 Rh8 36. Rxh8+ Bxh8 37. Qa3 Ke8 38. Nh4 Bg7 39. Nxg6 Nxg6 40. Nxf5 Bf8 41.
Nd6+ Kd8 42. Bxg6 Bd7 43. f5 Bxd6 44. exd6 Nf8 45. Bg5+ Kc8 46. Qc5+ Kb7 47.
Qxb6+ Kxb6 48. Bf7 Bxf5 49. Bxd5 Kb5 50. Ke3 Nd7 51. Kf4 Bh3 52. Be4 Bf1 53. Be7
Bd3 54. Bf5 Bxf5 55. Kxf5 Kc6 56. Ke6 Nb6 57. Bh4 a4 58. Bg3 a3 59. bxa3 Nd5 60.
d7 1-0

[Event "30th Andorra Open"]
[Site "Erts-La Massana AND"]
[Date "2012.07.29"]
[Round "9.14"]
[White "Comas Fabrego, Lluis"]
[Black "Hoolt, Sarah"]
[Result "1-0"]
[WhiteTitle "GM"]
[BlackTitle "WIM"]
[WhiteElo "2514"]
[BlackElo "2272"]
[WhiteFideId "2200325"]
[BlackFideId "24606812"]
[EventDate "2012.07.21"]

1. e4 c5 2. Nf3 e6 3. d3 d5 4. Nbd2 Nf6 5. g3 Nc6 6. Bg2 Be7 7. O-O O-O 8. Re1
b5 9. e5 Nd7 10. Nf1 a5 11. h4 b4 12. N1h2 a4 13. Bg5 a3 14. b3 Na7 15. Bxe7
Qxe7 16. Ng5 h6 17. Nh3 Nc6 18. f4 Nd4 19. Nf3 f5 20. Nxd4 cxd4 21. Kh2 Nb8 22.
Bf3 Bd7 23. Rg1 Nc6 24. Rg2 Kh8 25. Qe1 Qc5 26. g4 fxg4 27. Bxg4 Rg8 28. Qg3
Raf8 29. Rh1 Ne7 30. Ng1 Qb6 31. Ne2 Be8 32. Qf2 Ng6 33. Qg3 Ne7 34. Qf2 Ng6 35.
Qxd4 Qd8 36. Kg3 Qc8 37. Rc1 Ne7 38. Qxb4 Nc6 39. Qd6 Bd7 40. Qxa3 Qb8 41. d4
Qe8 42. Qd6 h5 43. Bh3 Qg6+ 44. Kh2 Qe4 45. Re1 Rxf4 46. Qxd7 1-0

[Event "30th Andorra Open"]
[Site "Erts-La Massana AND"]
[Date "2012.07.29"]
[Round "9.15"]
[White "Van Hasselt, Frank"]
[Black "Norwood, David R"]
[Result "0-1"]
[BlackTitle "GM"]
[WhiteElo "2230"]
[BlackElo "2494"]
[WhiteFideId "6000118"]
[BlackFideId "400106"]
[EventDate "2012.07.21"]

1. c4 g6 2. d4 Bg7 3. Nc3 c5 4. d5 Bxc3+ 5. bxc3 f5 6. e3 Qa5 7. Qc2 d6 8. Bd3
Nf6 9. Ne2 Nbd7 10. f4 Nb6 11. Ng3 Bd7 12. O-O O-O-O 13. Bd2 Ba4 14. Qc1 Qa6 15.
Qe1 Nfxd5 16. e4 fxe4 17. Qxe4 Nc7 18. Qxe7 d5 19. Bc1 dxc4 20. Be4 Nd7 21. f5
Rde8 22. Qf7 Bc6 23. Bxc6 Qxc6 24. Qxc4 gxf5 25. Bf4 Rhf8 26. Bxc7 Kxc7 27. Rxf5
Rxf5 28. Nxf5 Qe4 29. Qxe4 Rxe4 30. Ng3 Re3 31. Rc1 Ne5 32. Rc2 Ng4 33. Ne2 Rd3
34. Kh1 Rd1+ 35. Ng1 Rc1 36. Re2 Rxc3 37. h3 Ne3 38. Rf2 Rc2 39. Rxc2 Nxc2 40.
Ne2 b5 41. g4 Nd4 42. Nc1 c4 43. Kg2 Kd6 44. Kf2 b4 45. Ke3 Ke5 46. h4 a5 47. h5
a4 48. g5 b3 49. axb3 axb3 50. g6 hxg6 51. h6 Kf6 0-1

[Event "30th Andorra Open"]
[Site "Erts-La Massana AND"]
[Date "2012.07.29"]
[Round "9.16"]
[White "Jose Queralto, Daniel"]
[Black "Alexandrova, Olga"]
[Result "1/2-1/2"]
[BlackTitle "IM"]
[WhiteElo "2133"]
[BlackElo "2417"]
[WhiteFideId "6900089"]
[BlackFideId "14102463"]
[EventDate "2012.07.21"]

1. e4 c5 2. Nf3 e6 3. d4 cxd4 4. Nxd4 a6 5. c4 Nf6 6. Nc3 Bb4 7. Qf3 Qc7 8. a3
Bxc3+ 9. Qxc3 Nxe4 10. Nb5 axb5 11. Qxg7 Rf8 12. Bh6 Qd6 13. cxb5 b6 14. Rc1 Bb7
15. Rc7 Ra7 16. Be2 Kd8 17. Rxb7 Rxb7 18. Qxf8+ Qxf8 19. Bxf8 f5 20. f3 Nf6 21.
Bd6 Ne8 22. Bxb8 Rxb8 23. Kd2 d5 24. f4 Nd6 25. Rc1 Kd7 26. Rc6 Nc8 27. Rc3 Ne7
28. Ke3 h5 29. h4 Rg8 30. Kf2 Kd6 31. b3 d4 32. Rg3 Rc8 33. Bc4 Nd5 34. Rd3 e5
35. fxe5+ Kxe5 36. Rg3 Ne3 37. Rg6 Nxc4 38. bxc4 Rxc4 39. Rxb6 Rc2+ 40. Kf3 Rc3+
41. Ke2 Rxa3 42. Rh6 Rb3 43. b6 Kf4 44. Rxh5 d3+ 45. Kd2 Rxb6 46. Kxd3 Rg6 47.
Rg5 1/2-1/2

[Event "30th Andorra Open"]
[Site "Erts-La Massana AND"]
[Date "2012.07.29"]
[Round "9.18"]
[White "Valdes, Leonardo"]
[Black "Johansson, Viktoria"]
[Result "1-0"]
[WhiteTitle "IM"]
[BlackTitle "WIM"]
[WhiteElo "2380"]
[BlackElo "2179"]
[WhiteFideId "6500331"]
[BlackFideId "1701940"]
[EventDate "2012.07.21"]

1. Nf3 c5 2. g3 Nc6 3. Bg2 g6 4. O-O Bg7 5. d3 d6 6. e4 e6 7. c3 Nge7 8. d4 O-O
9. dxc5 dxc5 10. Qe2 b6 11. Na3 a6 12. e5 Qc7 13. Nc4 Nd5 14. a4 Rb8 15. Re1 Bd7
16. Qe4 b5 17. axb5 axb5 18. Ne3 Nce7 19. Ng4 Bc6 20. Nh6+ Kh8 21. Qh4 Nf5 22.
Qh3 f6 23. exf6 Nxf6 24. Nxf5 exf5 25. Bf4 Qb7 26. Bxb8 Qxb8 27. Ne5 Be8 28. Ra8
Qd6 29. Qh4 Qd2 30. Nxg6+ Kg8 31. Raxe8 hxg6 32. R8e2 Qd6 33. Qg5 Kh7 34. Qd2
Qb6 35. Re6 Qb8 36. Re7 Rd8 37. Qg5 Rd6 38. Qh4+ Nh5 39. Bf3 Kh6 40. R7e6 Bf6
41. Rxf6 Rxf6 42. Bxh5 g5 43. Qh3 Kg7 44. Bf3 Qd8 45. Qf1 1-0

[Event "30th Andorra Open"]
[Site "Erts-La Massana AND"]
[Date "2012.07.29"]
[Round "9.19"]
[White "Fernandez Lopez, Joan"]
[Black "Getz, Nicolai"]
[Result "0-1"]
[BlackTitle "IM"]
[WhiteElo "2090"]
[BlackElo "2354"]
[WhiteFideId "6900348"]
[BlackFideId "1505572"]
[EventDate "2012.07.21"]

1. e4 e5 2. Nc3 Nf6 3. f4 d5 4. fxe5 Nxe4 5. Nf3 Bc5 6. Qe2 Bf5 7. Qb5+ Nc6 8.
d3 a6 9. Qxb7 Na5 10. Bg5 Nxg5 11. Qxd5 Qxd5 12. Nxd5 Nxf3+ 13. gxf3 O-O-O 0-1

[Event "30th Andorra Open"]
[Site "Erts-La Massana AND"]
[Date "2012.07.29"]
[Round "9.20"]
[White "Torres, Juan Camilo"]
[Black "Llaneza Vega, Patricia"]
[Result "1/2-1/2"]
[BlackTitle "WIM"]
[WhiteElo "2306"]
[BlackElo "2225"]
[WhiteFideId "4405790"]
[BlackFideId "2212676"]
[EventDate "2012.07.21"]

1. d4 Nf6 2. c4 g6 3. Nf3 Bg7 4. Nc3 O-O 5. g3 d6 6. Bg2 Nc6 7. O-O a6 8. b3 Rb8
9. Nd5 Nh5 10. Bb2 e6 11. Nf4 Nxf4 12. gxf4 b5 13. Rc1 bxc4 14. Rxc4 Bd7 15. Qd2
Ne7 16. Rfc1 Nd5 17. e4 Nf6 18. Rxc7 Nxe4 19. Qa5 Nc5 20. R1xc5 dxc5 21. Qxc5
Rc8 22. Rxc8 Qxc8 23. Ne5 Bxe5 24. fxe5 Qb8 25. Ba3 Rc8 26. Qe7 Bb5 27. Bc5 Re8
28. Qg5 Qc7 29. h4 Qa5 30. a4 Qe1+ 31. Kh2 Bf1 32. Qf4 Bxg2 33. Kxg2 Qd1 34. b4
Qxa4 35. h5 Qc2 36. h6 Qf5 37. Qe3 Qh5 38. Qd3 Qxh6 39. Qxa6 Qh4 40. Qc6 Qd8 41.
Kg3 Qa8 42. Qd7 Rd8 43. Qe7 Rb8 44. f3 h5 45. Kf4 Qa1 46. Kg5 Qb1 47. Qf6 Qf5+
48. Qxf5 gxf5 49. Kxh5 Kg7 50. Kg5 Rb7 1/2-1/2